书目信息 |
| 题名: |
韩国语能力考试实战模拟
|
|
| 作者: | 赵惠贞 , 李东春 , 南贞和 编著 | |
| 分册: | 中级 | |
| 出版信息: | 上海 上海交通大学出版社 2008.01 |
|
| 页数: | 245页 | |
| 开本: | 26cm | |
| 丛书名: | 紧缺人才培训丛书 | |
| 单 册: | ||
| 中图分类: | H55-44 | |
| 科图分类: | ||
| 主题词: | 朝鲜语--chao xian yu--水平考试--习题 | |
| 电子资源: | ||
| ISBN: | 978-7-313-04961-2 | |
| 000 | 01124nam 2200289 450 | |
| 001 | 012008746882 | |
| 005 | 20080624103108.35 | |
| 010 | @a978-7-313-04961-2@dCNY32.00 (含光盘) | |
| 016 | @aCN-R05-070046-0@b光盘 | |
| 100 | @a20080624d2008 em y0chiy0120 ea | |
| 101 | 0 | @achi@akor |
| 102 | @aCN@b310000 | |
| 105 | @ay q 000yy | |
| 106 | @ar | |
| 200 | 1 | @a韩国语能力考试实战模拟@Ahan guo yu neng li kao shi shi zhan mo ni@i中级@f赵惠贞, 李东春, 南贞和编著@Fzhao hui zhen,li dong chun,nan zhen he bian zhu |
| 210 | @a上海@c上海交通大学出版社@d2008.01 | |
| 215 | @a245页@d26cm@e光盘1片 | |
| 225 | 2 | @a紧缺人才培训丛书@Ajin que ren cai pei xun cong shu |
| 330 | @a本书编写了中级韩国语能力考试模拟题共5套,题目类型和难度均参照中级考试的水平,每套试题后面均附有详细的词汇和语法讲解,而不仅仅给出答案。 | |
| 410 | 0 | @12001 @a紧缺人才培训丛书 |
| 606 | 0 | @a朝鲜语@Achao xian yu@x水平考试@j习题 |
| 690 | @aH55-44@v4 | |
| 701 | 0 | @a赵惠贞@Azhao hui zhen@4编著 |
| 701 | 0 | @a李东春@Ali dong chun@4编著 |
| 701 | 0 | @a南贞和@Anan zhen he@4编著 |
| 801 | 0 | @aCN@bQSSK@c20080624 |
| 905 | @b728507-09@dH55-44@eZ309:2@f3 | |
| 韩国语能力考试实战模拟.中级/赵惠贞, 李东春, 南贞和编著.-上海:上海交通大学出版社,2008.01 |
| 245页;26cm+光盘1片.-(紧缺人才培训丛书) |
| ISBN 978-7-313-04961-2:CNY32.00 (含光盘) |
| 本书编写了中级韩国语能力考试模拟题共5套,题目类型和难度均参照中级考试的水平,每套试题后面均附有详细的词汇和语法讲解,而不仅仅给出答案。 |
| ● |
| 相关链接 |
|
|
|
正题名:韩国语能力考试实战模拟
索取号:H55-44/Z309:2
 
预约/预借
| 序号 | 登录号 | 条形码 | 馆藏地/架位号 | 状态 | 备注 |
| 1 | 728507 | 207285070 | 语言库209/209语言库 136排2列5层/ [索取号:H55-44/Z309:2] | 在馆 | |
| 2 | 728508 | 207285089 | 语言库209/209语言库 136排2列5层/ [索取号:H55-44/Z309:2] | 在馆 | |
| 3 | 728509 | 207285098 | 语言库209/209语言库 136排2列5层/ [索取号:H55-44/Z309:2] | 在馆 |